Statistics for Jim Jarmusch Films

Click here to take the quiz!

General Stats

  • This quiz has been taken 228 times
    (109 since last reset)
  • The average score is 9 of 14

Answer Stats

YearFilm% Correct
1995Dead Man
85%
2003Coffee and Cigarettes
83%
2005Broken Flowers
80%
1999Ghost Dog: The Way of the Samurai
80%
1986Down by Law
78%
2016Paterson
78%
2013Only Lovers Left Alive
75%
1991Night on Earth
70%
2019The Dead Don't Die
70%
1984Stranger Than Paradise
65%
1989Mystery Train
63%
1980Permanent Vacation
50%
2009The Limits of Control
43%
1997Year of the Horse
23%

Score Distribution

Percentile by Number Answered

Percent of People with Each Score

Your Score History

You have not taken this quiz since the last reset